[Event "TCh-POL Ekstraliga 2018"]
[Site "Poland POL"]
[Date "2018.06.08"]
[Round "1.1"]
[Board "1"]
[White "Wojtaszek, Radoslaw"]
[Black "Mista, Aleksander"]
[Result "1-0"]
[WhiteTitle "GM"]
[BlackTitle "GM"]
[WhiteElo "2730"]
[BlackElo "2599"]
[WhiteTeam "Wasko HETMAN GKS Katowice"]
[BlackTeam "KSz Miedz Legnica"]
[WhiteFideId "1118358"]
[BlackFideId "1110381"]
[EventDate "2018.06.08"]

1. d4 Nf6 2. c4 g6 3. Nf3 Bg7 4. g3 c6 5. Nc3 d5 6. Qb3 O-O 7. Bg2 Qb6 8. O-O
Rd8 9. Bd2 dxc4 10. Qxc4 Be6 11. Qa4 Bg4 12. e3 Nbd7 13. Qc2 c5 14. h3 Be6 15.
Rfd1 Rac8 16. Be1 Nd5 17. Qe2 cxd4 18. Nxd4 Nxc3 19. Bxc3 Bc4 20. Qe1 Qc7 21.
Rac1 Qb8 22. Ba5 Nb6 23. Bxb6 axb6 24. Qb4 Bxd4 25. Rxd4 Rxd4 26. exd4 Bxa2 27.
Ra1 Bc4 28. Qxe7 Rd8 29. Bxb7 Re8 30. Qxe8+ Qxe8 31. Ra8 Kf8 32. Kg2 Qxa8 33.
Bxa8 Ke7 34. Kf3 Kd6 35. Kf4 f6 36. h4 Be6 37. Be4 Bf7 38. g4 h6 39. g5 hxg5+
40. hxg5 Ke7 41. Bd3 Be8 42. d5 Kf7 43. d6 Bd7 44. Bc4+ Kg7 45. Bd5 Bf5 46. Bc6
Kf7 47. Bb5 fxg5+ 48. Ke5 g4 49. Kd5 Kf6 50. Kc6 Ke5 51. d7 Bxd7+ 52. Kxd7 Kf4
53. Be2 1-0

[Event "TCh-POL Ekstraliga 2018"]
[Site "Poland POL"]
[Date "2018.06.08"]
[Round "1.1"]
[Board "2"]
[White "Kempinski, Robert"]
[Black "Navara, David"]
[Result "0-1"]
[WhiteTitle "GM"]
[BlackTitle "GM"]
[WhiteElo "2575"]
[BlackElo "2727"]
[WhiteTeam "KSz Miedz Legnica"]
[BlackTeam "Wasko HETMAN GKS Katowice"]
[WhiteFideId "1105663"]
[BlackFideId "309095"]
[EventDate "2018.06.08"]

1. d4 Nf6 2. c4 e6 3. Nf3 b6 4. g3 Ba6 5. b3 Bb4+ 6. Bd2 Be7 7. Nc3 O-O 8. e4 d5
9. Qc2 dxe4 10. Nxe4 c5 11. dxc5 Bb7 12. Bd3 Nbd7 13. Be3 Ng4 14. Ned2 f5 15.
Bd4 Nxc5 16. Bxc5 Bxc5 17. O-O Qf6 18. Rae1 e5 19. b4 Bxb4 20. c5 Bxc5 0-1

[Event "TCh-POL Ekstraliga 2018"]
[Site "Poland POL"]
[Date "2018.06.08"]
[Round "1.1"]
[Board "3"]
[White "Miton, Kamil"]
[Black "Bobras, Piotr"]
[Result "1/2-1/2"]
[WhiteTitle "GM"]
[BlackTitle "GM"]
[WhiteElo "2604"]
[BlackElo "2499"]
[WhiteTeam "Wasko HETMAN GKS Katowice"]
[BlackTeam "KSz Miedz Legnica"]
[WhiteFideId "1111914"]
[BlackFideId "1106880"]
[EventDate "2018.06.08"]

1. d4 d5 2. c4 c6 3. Nf3 Nf6 4. Nc3 dxc4 5. a4 Bf5 6. Ne5 e6 7. f3 Bb4 8. e4
Bxe4 9. fxe4 Nxe4 10. Bd2 Qxd4 11. Nxe4 Qxe4+ 12. Qe2 Bxd2+ 13. Kxd2 Qd5+ 14.
Kc2 Na6 15. Nxc4 O-O 16. Qe5 f6 17. Qxd5 cxd5 18. Nd2 Rac8+ 19. Kb3 Nc5+ 20. Ka3
f5 21. Bb5 Kf7 22. Rac1 Ke7 23. Kb4 Ne4 24. Nb3 Nd6 25. Rhe1 Rxc1 26. Rxc1 Rc8
27. Rxc8 Nxc8 28. Kc5 Nd6 29. Bd3 Kd7 30. a5 Kc7 31. Nd4 b6+ 32. axb6+ axb6+ 33.
Kb4 Kd7 34. Nf3 Nf7 35. Kb5 Kc7 36. Nd4 Nd8 37. Nf3 Nf7 38. Nd4 Nd8 39. Nf3 Nf7 1/2-1/2

[Event "TCh-POL Ekstraliga 2018"]
[Site "Poland POL"]
[Date "2018.06.08"]
[Round "1.1"]
[Board "4"]
[White "Kriebel, Tadeas"]
[Black "Socko, Bartosz"]
[Result "0-1"]
[WhiteTitle "IM"]
[BlackTitle "GM"]
[WhiteElo "2487"]
[BlackElo "2588"]
[WhiteTeam "KSz Miedz Legnica"]
[BlackTeam "Wasko HETMAN GKS Katowice"]
[WhiteFideId "330027"]
[BlackFideId "1107038"]
[EventDate "2018.06.08"]

1. e4 e6 2. d4 d5 3. exd5 exd5 4. Nf3 Bd6 5. Bd3 Nc6 6. c3 Nge7 7. Qc2 Bg4 8.
Nbd2 Qd7 9. O-O O-O-O 10. b4 Rde8 11. b5 Nd8 12. a4 Ne6 13. c4 dxc4 14. Bxc4 Nf4
15. b6 axb6 16. a5 Bxf3 17. Nxf3 Nxg2 18. axb6 Qg4 19. Ne5 Ne3+ 20. Nxg4 Nxc2
21. Ra8+ Kd7 22. Rxe8 Rxe8 23. Ne5+ Bxe5 24. dxe5 Nf5 25. Rd1+ Kc8 26. bxc7 Ncd4
27. Bxf7 Rxe5 28. Bb2 Re4 29. Bd5 Rg4+ 30. Kf1 Kxc7 31. Rc1+ Kb8 32. Re1 Rh4 33.
Re8+ Kc7 34. Rf8 b5 35. Bg2 g6 36. Bc3 Ne6 37. Rf7+ Kd6 38. Rb7 Kc5 39. h3 Nf4
40. Rc7+ Kd6 41. Rc6+ Kd7 42. Rb6 Nxg2 43. Kxg2 Rh5 44. Kh2 Nd6 45. Bb4 Nc4 46.
Ra6 Ne5 47. Ra7+ Kc6 48. Bc3 Nd3 49. Ra6+ Kd5 50. Rb6 Kc4 51. Bf6 Nxf2 0-1

[Event "TCh-POL Ekstraliga 2018"]
[Site "Poland POL"]
[Date "2018.06.08"]
[Round "1.1"]
[Board "5"]
[White "Jarmula, Lukasz"]
[Black "Murdzia, Piotr"]
[Result "1-0"]
[WhiteTitle "IM"]
[BlackTitle "IM"]
[WhiteElo "2499"]
[BlackElo "2414"]
[WhiteTeam "Wasko HETMAN GKS Katowice"]
[BlackTeam "KSz Miedz Legnica"]
[WhiteFideId "1160664"]
[BlackFideId "1105671"]
[EventDate "2018.06.08"]

1. e4 e5 2. Nf3 Nc6 3. Bb5 a6 4. Ba4 Nf6 5. O-O Be7 6. Re1 b5 7. Bb3 d6 8. c3
O-O 9. d4 Bg4 10. Be3 exd4 11. cxd4 Na5 12. Bc2 Nc4 13. Bc1 c5 14. b3 Nb6 15.
Nbd2 cxd4 16. Bb2 d3 17. Bxd3 Nfd7 18. h3 Bxf3 19. Nxf3 Bf6 20. Qd2 Bxb2 21.
Qxb2 Ne5 22. Be2 Qf6 23. Qd2 Ng6 24. Rac1 d5 25. e5 Nxe5 26. Nxe5 Qxe5 27. Bxb5
Qd6 28. Rc6 Qd7 29. Rxb6 axb5 30. Qb4 Rfe8 31. Rxe8+ Rxe8 32. Qxb5 Re1+ 33. Kh2
Qc7+ 34. g3 g6 35. Rb8+ Kg7 36. Qb4 Re2 37. Kg2 Rxa2 38. Qf8+ Kf6 39. Re8 Qa7
40. Qh8+ Kg5 41. Re5+ f5 42. Qd8+ 1-0

[Event "TCh-POL Ekstraliga 2018"]
[Site "Poland POL"]
[Date "2018.06.08"]
[Round "1.1"]
[Board "6"]
[White "Sliwicka, Alicja"]
[Black "Socko, Monika"]
[Result "1/2-1/2"]
[WhiteTitle "WFM"]
[BlackTitle "GM"]
[WhiteElo "2274"]
[BlackElo "2458"]
[WhiteTeam "KSz Miedz Legnica"]
[BlackTeam "Wasko HETMAN GKS Katowice"]
[WhiteFideId "1150677"]
[BlackFideId "1106619"]
[EventDate "2018.06.08"]

1. e4 e6 2. d4 d5 3. Nc3 Bb4 4. a3 Bxc3+ 5. bxc3 Ne7 6. Bd3 b6 7. Nf3 Ba6 8. O-O
Bxd3 9. cxd3 O-O 10. a4 Nbc6 11. Ba3 Re8 12. Nd2 Qd7 13. f4 Rad8 14. Nf3 Ng6 15.
Ng5 h6 16. Nh3 dxe4 17. dxe4 f5 18. Qh5 Qf7 19. g4 Nge7 20. Qxf7+ Kxf7 21. g5
fxe4 22. Bxe7 Nxe7 23. Nf2 e3 24. Ne4 Nf5 25. a5 Re7 26. axb6 axb6 27. Rfe1 Rd5
28. Ra2 c5 29. dxc5 bxc5 30. Ra5 c4 31. Ra4 Rc7 32. Kg2 Rd2+ 33. Kh3 Rc2 34.
gxh6 gxh6 35. Ra5 Ke7 36. Re5 Rb7 37. Nc5 Rb6 38. Ra1 Kf7 39. Ra7+ Ne7 40. Rxe3
Rbb2 41. Rxe6 Rxc3+ 42. Kh4 Rxh2+ 43. Kg4 Rg2+ 44. Kh4 Rh2+ 45. Kg4 1/2-1/2

[Event "TCh-POL Ekstraliga 2018"]
[Site "Poland POL"]
[Date "2018.06.08"]
[Round "1.2"]
[Board "1"]
[White "Tomczak, Jacek"]
[Black "Bartel, Mateusz"]
[Result "0-1"]
[WhiteTitle "GM"]
[BlackTitle "GM"]
[WhiteElo "2598"]
[BlackElo "2602"]
[WhiteTeam "Akademia Szachowa ChessGrow Gliwice"]
[BlackTeam "KSz Polonia Wroclaw"]
[WhiteFideId "1124668"]
[BlackFideId "1112635"]
[EventDate "2018.06.08"]

1. e4 c5 2. Nf3 Nc6 3. d4 cxd4 4. Nxd4 g6 5. c4 Nf6 6. Nc3 d6 7. Be2 Nxd4 8.
Qxd4 Bg7 9. Bg5 O-O 10. Qd2 Be6 11. O-O Qa5 12. Rac1 Rfc8 13. b3 a6 14. f4 Rc5
15. Qe3 h6 16. Bh4 Re8 17. Bf2 Rcc8 18. h3 b5 19. cxb5 axb5 20. Nxb5 Rxc1 21.
Rxc1 Qxa2 22. Nc7 Rc8 23. b4 Qb2 24. Bf1 Ne8 25. f5 Bd7 26. fxg6 Rxc7 27. gxf7+
Kxf7 28. Rxc7 Nxc7 29. Qa7 Qa1 30. Qxc7 Bb5 31. Bg3 Qxf1+ 32. Kh2 Bd4 0-1

[Event "TCh-POL Ekstraliga 2018"]
[Site "Poland POL"]
[Date "2018.06.08"]
[Round "1.2"]
[Board "2"]
[White "Sadzikowski, Daniel"]
[Black "Czarnota, Pawel"]
[Result "0-1"]
[WhiteTitle "GM"]
[BlackTitle "GM"]
[WhiteElo "2576"]
[BlackElo "2546"]
[WhiteTeam "KSz Polonia Wroclaw"]
[BlackTeam "Akademia Szachowa ChessGrow Gliwice"]
[WhiteFideId "1132253"]
[BlackFideId "1121219"]
[EventDate "2018.06.08"]

1. d4 Nf6 2. Nf3 g6 3. g3 Bg7 4. Bg2 O-O 5. O-O d6 6. Re1 Nbd7 7. e4 e5 8. Nc3
Re8 9. h3 c6 10. a4 a5 11. Be3 exd4 12. Bxd4 Qc7 13. Nd2 b6 14. Nc4 Ba6 15. Bxf6
Bxf6 16. Qxd6 Qxd6 17. Nxd6 Re6 18. Rad1 Nc5 19. f4 Bxc3 20. bxc3 Nxa4 21. e5
Nxc3 22. Ra1 Rd8 23. Bxc6 Rdxd6 24. exd6 Rxd6 25. Bf3 Rd2 26. Re8+ Kg7 27. Rb8
Rxc2 28. Rxb6 Be2 29. Bc6 Bc4 30. Rxa5 Ne2+ 31. Kf2 Nxf4+ 32. Ke3 Nxh3 33. Rc5
Re2+ 34. Kd4 Be6 35. Rb1 h6 36. Rbc1 Rb2 37. Ke3 Ng5 38. R1c2 Rb4 39. Bd5 Rg4
40. Rg2 Bxd5 41. Rxd5 Ne4 42. Kf3 f5 43. Ra5 h5 44. Ra7+ Kh6 45. Ra3 Ng5+ 46.
Kf2 Rb4 47. Kg1 Ne4 48. Rc2 Kg5 49. Rc6 Rb2 50. Raa6 Kg4 51. Rxg6+ Kh3 52. Kf1
Nxg3+ 53. Rxg3+ Kxg3 54. Rg6+ Kf3 55. Kg1 f4 56. Rg5 h4 57. Rf5 Rb1+ 58. Kh2 Ke4
59. Ra5 f3 60. Ra4+ Ke3 61. Ra3+ Ke2 62. Ra2+ Kf1 0-1

[Event "TCh-POL Ekstraliga 2018"]
[Site "Poland POL"]
[Date "2018.06.08"]
[Round "1.2"]
[Board "3"]
[White "Olszewski, Michal"]
[Black "Tazbir, Marcin"]
[Result "1/2-1/2"]
[WhiteTitle "GM"]
[BlackTitle "GM"]
[WhiteElo "2529"]
[BlackElo "2525"]
[WhiteTeam "Akademia Szachowa ChessGrow Gliwice"]
[BlackTeam "KSz Polonia Wroclaw"]
[WhiteFideId "1121251"]
[BlackFideId "1122452"]
[EventDate "2018.06.08"]

1. Nf3 Nf6 2. c4 e6 3. b3 Be7 4. Bb2 O-O 5. g3 d5 6. Bg2 c5 7. O-O Nc6 8. e3 b6
9. Qe2 Bb7 10. Rd1 Qc8 11. Nc3 Rd8 12. d3 d4 13. exd4 Nxd4 14. Nxd4 cxd4 15. Nb5
Bc5 16. b4 Bxb4 17. Nxd4 Bxg2 18. Kxg2 Bc5 19. Nf3 Be7 20. Ne5 Qb7+ 21. Qf3
Qxf3+ 22. Kxf3 Rac8 23. a4 Bb4 24. Rab1 Ne8 25. Ke2 Nd6 26. Nf3 Ba5 27. Rdc1 f6
28. Ba3 e5 29. Bxd6 Rxd6 30. Nh4 Rcd8 31. Rc2 Rxd3 32. Nf5 Rd2+ 33. Rxd2 Rxd2+
34. Ke3 Rd7 35. Kf3 Kf7 36. Ne3 Ke6 37. Nd5 Kd6 38. Ke4 Rf7 39. Kd3 f5 40. f3
Rf8 41. Rb2 g6 42. Ne3 a6 43. Nd5 Kc5 44. Rc2 Rd8 45. Ke2 Rd7 46. g4 h6 47. h4
fxg4 48. fxg4 Rf7 49. Rc1 Kd4 50. Ne3 Kc5 51. Nd5 b5 52. axb5 axb5 53. Ne3 b4
54. Rd1 Bc7 55. Nd5 e4 56. Ke3 Be5 57. Kxe4 Bg7 58. Rb1 Rb7 59. h5 gxh5 60. Nxb4
Rxb4 61. Rxb4 Kxb4 62. gxh5 Kxc4 63. Kf3 1/2-1/2

[Event "TCh-POL Ekstraliga 2018"]
[Site "Poland POL"]
[Date "2018.06.08"]
[Round "1.2"]
[Board "4"]
[White "Wieczorek, Oskar"]
[Black "Warakomski, Tomasz"]
[Result "1/2-1/2"]
[WhiteTitle "IM"]
[BlackTitle "GM"]
[WhiteElo "2469"]
[BlackElo "2505"]
[WhiteTeam "KSz Polonia Wroclaw"]
[BlackTeam "Akademia Szachowa ChessGrow Gliwice"]
[WhiteFideId "1133950"]
[BlackFideId "1124552"]
[EventDate "2018.06.08"]

1. e4 e5 2. Nf3 Nc6 3. Bb5 a6 4. Ba4 Nf6 5. O-O Be7 6. Re1 b5 7. Bb3 d6 8. c3
O-O 9. h3 Nb8 10. d4 Nbd7 11. Nbd2 Bb7 12. Bc2 Re8 13. Nf1 Bf8 14. Ng3 g6 15. a4
c5 16. d5 c4 17. Bg5 Nc5 18. Qd2 Be7 19. Bh6 Nfd7 20. Nh2 Nxa4 21. Bxa4 bxa4 22.
Rxa4 a5 23. Be3 Ba6 24. Ng4 Kh8 25. Rf1 Bh4 26. Nh6 Rf8 27. Ne2 Bb5 28. Raa1 Nf6
29. f3 Ng8 30. Nxg8 Kxg8 31. Bh6 Qb6+ 32. Kh1 Rfb8 33. f4 Be8 34. fxe5 dxe5 35.
Rab1 Be7 36. Ng1 Rb7 37. Nf3 f6 38. Qe2 Rab8 39. Nh2 a4 40. Ng4 Qd6 41. Ne3 a3
42. Nxc4 Qa6 43. d6 Rxb2 44. Rxb2 axb2 45. Rb1 Bxd6 46. Qd1 Ba3 47. Nxa3 Qxa3
48. Qf1 Qd6 49. Qf2 g5 50. Rxb2 Rxb2 51. Qxb2 Kf7 52. Qb3+ Qe6 53. Qxe6+ Kxe6
54. g4 Bc6 55. Kg2 Bxe4+ 56. Kg3 Bd3 57. h4 gxh4+ 58. Kxh4 Be2 59. Bg7 Kf7 60.
Bh6 Kg6 61. Be3 f5 62. gxf5+ Kxf5 63. Bh6 Bc4 64. Kg3 Ke4 65. Bg7 Bf7 66. Bf6
Kf5 67. Bg7 Bd5 68. Bh8 Be6 1/2-1/2

[Event "TCh-POL Ekstraliga 2018"]
[Site "Poland POL"]
[Date "2018.06.08"]
[Round "1.2"]
[Board "5"]
[White "Szelag, Marcin"]
[Black "Gumularz, Szymon"]
[Result "0-1"]
[WhiteTitle "IM"]
[BlackTitle "IM"]
[WhiteElo "2421"]
[BlackElo "2452"]
[WhiteTeam "Akademia Szachowa ChessGrow Gliwice"]
[BlackTeam "KSz Polonia Wroclaw"]
[WhiteFideId "1112228"]
[BlackFideId "1188062"]
[EventDate "2018.06.08"]

1. e4 c6 2. d4 d5 3. e5 Bf5 4. Nf3 e6 5. Be2 c5 6. Be3 cxd4 7. Nxd4 Ne7 8. c4
Nbc6 9. Qa4 a6 10. Nc3 dxc4 11. Rd1 Bd3 12. Bxd3 cxd3 13. Rxd3 b5 14. Ndxb5 Qxd3
15. Nc7+ Kd7 16. Nxa8 Nd5 17. Nxd5 exd5 18. Qg4+ Kd8 19. Bb6+ Ke7 20. Bc5+ Kd8
21. Bb6+ Ke7 22. f4 Qe4+ 23. Qe2 Qxf4 24. Rf1 Qxe5 25. Nc7 Qxe2+ 26. Kxe2 f6 27.
Rd1 Kd7 28. Nxa6 Bd6 29. Rxd5 Ke6 30. Rd3 Bxh2 31. b4 Ra8 32. b5 Ne7 33. a4 Nd5
34. Nc5+ Ke5 35. Rb3 Nxb6 36. Rh3 Bg1 37. Nd3+ Kf5 38. Rxh7 Kg6 39. Rh1 Bd4 40.
Rh4 Rxa4 41. Re4 Nd5 42. Kf3 Nc3 43. Re7 Nxb5 44. Nf4+ Kh7 45. Ne6 Ra7 46. Re8
Nc7 47. Nf8+ Kg8 48. Rd8 Ra8 49. Rxa8 Nxa8 50. Ne6 Be5 0-1

[Event "TCh-POL Ekstraliga 2018"]
[Site "Poland POL"]
[Date "2018.06.08"]
[Round "1.2"]
[Board "6"]
[White "Zawadzka, Jolanta"]
[Black "Warakomska, Anna"]
[Result "1-0"]
[WhiteTitle "WGM"]
[BlackTitle "WIM"]
[WhiteElo "2434"]
[BlackElo "2349"]
[WhiteTeam "KSz Polonia Wroclaw"]
[BlackTeam "Akademia Szachowa ChessGrow Gliwice"]
[WhiteFideId "1122320"]
[BlackFideId "1130790"]
[EventDate "2018.06.08"]

1. e4 c5 2. Nf3 e6 3. d4 cxd4 4. Nxd4 Nc6 5. Nc3 Qc7 6. Be3 Nf6 7. f4 Bb4 8. Nb5
Qa5 9. e5 Nd5 10. Bd2 Nxc3 11. Nxc3 d5 12. exd6 Bxd6 13. a3 Qd8 14. Bd3 O-O 15.
Be3 e5 16. f5 Nd4 17. O-O Be7 18. Qh5 Bf6 19. Ne4 Bd7 20. c3 Nb3 21. Rad1 Qe7
22. Bc2 Ba4 23. Rd6 g6 24. Qd1 1-0

[Event "TCh-POL Ekstraliga 2018"]
[Site "Poland POL"]
[Date "2018.06.08"]
[Round "1.3"]
[Board "1"]
[White "Nasuta, Grzegorz"]
[Black "Moranda, Wojciech"]
[Result "1/2-1/2"]
[WhiteTitle "IM"]
[BlackTitle "GM"]
[WhiteElo "2490"]
[BlackElo "2601"]
[WhiteTeam "UKS Hetman Czestochowa"]
[BlackTeam "WIEZA PEGOW"]
[WhiteFideId "1141686"]
[BlackFideId "1122401"]
[EventDate "2018.06.08"]

1. e4 c5 2. Nc3 a6 3. g3 b5 4. Bg2 Bb7 5. d3 e6 6. Nh3 b4 7. Nb1 d5 8. O-O Nf6
9. Nd2 Be7 10. Nf4 Nc6 11. Re1 dxe4 12. dxe4 Ne5 13. b3 O-O 14. Bb2 Nfd7 15. Nd3
Bf6 16. Nxe5 Bxe5 17. Qc1 Bd4 18. Nc4 e5 19. Bxd4 cxd4 20. Bh3 Nf6 21. Nxe5 Re8
22. Nd3 Nxe4 23. Bg2 Qf6 24. Qf4 Qxf4 25. Nxf4 a5 26. a3 bxa3 27. Rxa3 f5 28.
Ra4 Rac8 29. Rxd4 Rxc2 30. f3 Nf6 31. Rxe8+ Nxe8 32. Rd8 Rc8 1/2-1/2

[Event "TCh-POL Ekstraliga 2018"]
[Site "Poland POL"]
[Date "2018.06.08"]
[Round "1.3"]
[Board "2"]
[White "Plat, Vojtech"]
[Black "Piesik, Piotr"]
[Result "1-0"]
[WhiteTitle "GM"]
[BlackTitle "FM"]
[WhiteElo "2551"]
[BlackElo "2353"]
[WhiteTeam "WIEZA PEGOW"]
[BlackTeam "UKS Hetman Czestochowa"]
[WhiteFideId "325740"]
[BlackFideId "1136194"]
[EventDate "2018.06.08"]

1. d4 Nf6 2. c4 e6 3. g3 c5 4. Nf3 cxd4 5. Nxd4 d5 6. Bg2 e5 7. Nf3 d4 8. O-O
Nc6 9. e3 Be7 10. exd4 exd4 11. Bf4 O-O 12. Ne5 Qb6 13. Nd2 Be6 14. Qb3 Qa6 15.
Qb5 Qxb5 16. cxb5 Nb4 17. Nb3 Bd5 18. Nxd4 Bxg2 19. Kxg2 Nfd5 20. Rfd1 Nxf4+ 21.
gxf4 Rfd8 22. Nf5 Kf8 23. Nd7+ Ke8 24. Nxg7# 1-0

[Event "TCh-POL Ekstraliga 2018"]
[Site "Poland POL"]
[Date "2018.06.08"]
[Round "1.3"]
[Board "3"]
[White "Paszewski, Mateusz"]
[Black "Dziuba, Marcin"]
[Result "0-1"]
[WhiteTitle "FM"]
[BlackTitle "GM"]
[WhiteElo "2322"]
[BlackElo "2577"]
[WhiteTeam "UKS Hetman Czestochowa"]
[BlackTeam "WIEZA PEGOW"]
[WhiteFideId "1141058"]
[BlackFideId "1112953"]
[EventDate "2018.06.08"]

1. e4 c5 2. Nf3 d6 3. d4 cxd4 4. Nxd4 Nf6 5. Nc3 a6 6. f3 e5 7. Nb3 Be6 8. Be3
Nbd7 9. g4 Nb6 10. g5 Nfd7 11. Qd2 Be7 12. O-O-O Rc8 13. Kb1 O-O 14. h4 f5 15.
gxf6 Nxf6 16. h5 Qc7 17. Qg2 Rf7 18. Bd3 Nc4 19. Bc1 Bf8 20. Rdg1 Qd7 21. Bg5 b5
22. Bxf6 Rxf6 23. Nd5 Bxd5 24. exd5 Qf7 25. Be4 a5 26. Qe2 Rh6 27. Qd3 a4 28.
Nc1 b4 29. Ne2 Qa7 30. Ng3 Kh8 31. Rg2 a3 32. b3 Ne3 33. Rd2 Be7 34. Qb5 Bg5 35.
Qxb4 Rf6 36. Re2 Rf7 37. Nf1 Rb7 38. Qd2 Nxf1 39. Qxg5 Qd4 40. c3 Qd1+ 41. Qc1
Qxe2 42. Rxf1 Rxc3 43. Qxc3 Qxf1+ 44. Kc2 Qe2+ 45. Kc1 Rb8 46. h6 Rg8 47. hxg7+
Rxg7 48. Qc8+ Rg8 0-1

[Event "TCh-POL Ekstraliga 2018"]
[Site "Poland POL"]
[Date "2018.06.08"]
[Round "1.4"]
[Board "1"]
[White "Antoniewski, Rafal"]
[Black "Piorun, Kacper"]
[Result "0-1"]
[WhiteTitle "GM"]
[BlackTitle "GM"]
[WhiteElo "2521"]
[BlackElo "2631"]
[WhiteTeam "LKS Wrzos Miedzyborow"]
[BlackTeam "KSz Stilon Gorzow Wlkp."]
[WhiteFideId "1111078"]
[BlackFideId "1130420"]
[EventDate "2018.06.08"]

1. Nf3 d5 2. e3 Nf6 3. b3 e6 4. Bb2 c5 5. d4 Nc6 6. Nbd2 Bd6 7. a3 O-O 8. dxc5
Bxc5 9. b4 Bb6 10. c4 a6 11. Be2 Qe7 12. O-O Bc7 13. Rc1 dxc4 14. Bxc4 e5 15. e4
Be6 16. Qe2 Rfd8 17. Nb3 Bxc4 18. Rxc4 Nd7 19. Rfc1 Bd6 20. Qe3 Nf8 21. g3 Ne6
22. R4c2 Bb8 23. Qe2 f6 24. Nc5 Nxc5 25. Rxc5 Ba7 26. R5c2 Rd7 27. Rd1 Rxd1+ 28.
Qxd1 Rd8 29. Rd2 Rxd2 30. Qxd2 Qe6 31. Kg2 b5 32. Qc2 Kf7 33. Nd2 Bb6 34. h4 h5
35. Nf3 Ke7 36. Nd2 Nd8 37. Nb3 Nb7 38. Nd2 Kd7 39. a4 Nd6 40. axb5 axb5 41. Qd3
Qa2 42. Bc3 Qa4 43. Nf3 Qb3 44. Ne1 Ke7 45. f3 Qa2+ 46. Qc2 Qc4 47. Qd3 Ke6 48.
Qd2 f5 49. exf5+ Nxf5 50. Qd3 Qa2+ 51. Qd2 Qxd2+ 52. Bxd2 Kd5 53. Bg5 Ne3+ 54.
Kh3 Kc4 55. Be7 Nd5 56. Bd6 Nxb4 57. Bxe5 g6 58. g4 Nd3 59. Nxd3 Kxd3 60. gxh5
gxh5 61. Bd6 Kc4 62. f4 Kd5 63. Bb4 Ke4 64. Bd2 Bc7 65. Kg3 Bd6 66. Ba5 Bxf4+
67. Kf2 Be5 68. Kg2 Kd3 69. Kf3 Bc3 70. Bc7 b4 71. Bd6 b3 72. Ba3 Kc2 0-1

[Event "TCh-POL Ekstraliga 2018"]
[Site "Poland POL"]
[Date "2018.06.08"]
[Round "1.4"]
[Board "2"]
[White "Krasenkow, Michal"]
[Black "Cyborowski, Lukasz"]
[Result "0-1"]
[WhiteTitle "GM"]
[BlackTitle "GM"]
[WhiteElo "2631"]
[BlackElo "2514"]
[WhiteTeam "KSz Stilon Gorzow Wlkp."]
[BlackTeam "LKS Wrzos Miedzyborow"]
[WhiteFideId "1113100"]
[BlackFideId "1108760"]
[EventDate "2018.06.08"]

1. d4 d5 2. c4 e6 3. Nc3 Nf6 4. cxd5 exd5 5. Bg5 c6 6. e3 Be7 7. Bd3 Nbd7 8.
Nge2 Nf8 9. O-O Ne6 10. Bxf6 Bxf6 11. b4 O-O 12. Qb3 a6 13. a4 Qd6 14. b5 Rd8
15. bxc6 bxc6 16. Rab1 a5 17. Rfc1 Bd7 18. Bf5 g6 19. Bh3 Rdb8 20. Qc2 Rb4 21.
Rxb4 axb4 22. Nb1 Be7 23. Bxe6 fxe6 24. Nd2 e5 25. Nb3 exd4 26. exd4 Rxa4 27.
Nc5 Ra8 28. Qb3 Rb8 29. Ra1 Bf6 30. Ra5 Bf5 31. h3 Qe7 32. Qb2 b3 33. Nxb3 Bd3
34. Qc3 Bxe2 35. Qxc6 Rxb3 36. Ra8+ Kg7 37. Re8 Qf7 38. Rxe2 Bxd4 39. Kh2 Rb2 0-1

[Event "TCh-POL Ekstraliga 2018"]
[Site "Poland POL"]
[Date "2018.06.08"]
[Round "1.4"]
[Board "3"]
[White "Nurkiewicz, Maciej"]
[Black "Dragun, Kamil"]
[Result "1/2-1/2"]
[BlackTitle "GM"]
[WhiteElo "2370"]
[BlackElo "2601"]
[WhiteTeam "LKS Wrzos Miedzyborow"]
[BlackTeam "KSz Stilon Gorzow Wlkp."]
[WhiteFideId "1107046"]
[BlackFideId "1134167"]
[EventDate "2018.06.08"]

1. d4 Nf6 2. c4 e6 3. Nc3 Bb4 4. Qb3 c5 5. dxc5 Nc6 6. Bg5 h6 7. Bxf6 Qxf6 8.
Nf3 Bxc5 9. Ne4 Qe7 10. Nxc5 Qxc5 11. e3 Qa5+ 12. Nd2 O-O 13. Be2 d5 14. cxd5
exd5 15. Qb5 Qd8 16. Nf3 d4 17. Rd1 Bd7 18. exd4 Re8 19. O-O Nxd4 20. Rxd4 Bxb5
21. Rxd8 Bxe2 22. Rxe8+ Rxe8 23. Re1 Kf8 24. Nd4 Bd3 25. Rxe8+ Kxe8 26. f4 Kd7
27. Kf2 a6 28. Ke3 Bb1 29. a3 Kd6 30. Nf3 Kd5 31. g3 Bf5 32. Nd2 f6 33. Nf3 b6
34. Nd2 a5 35. Nf3 g5 36. Nd2 g4 37. Nb3 a4 38. Nd4 Bd7 39. Kd3 Bc8 40. b3 axb3
41. Nxb3 Bd7 42. Nd2 Bb5+ 43. Kc3 Be2 44. a4 h5 45. f5 Ba6 46. Nb3 Bc8 47. a5
bxa5 48. Nxa5 Ke4 49. Nc4 Bxf5 50. Nd6+ Ke5 51. Nc4+ Kd5 52. Ne3+ Ke4 53. Kd2
Be6 54. Ke2 f5 55. Ng2 Bf7 56. Kf2 Bc4 57. Nf4 h4 58. Ng2 h3 59. Nf4 Bf7 1/2-1/2

[Event "TCh-POL Ekstraliga 2018"]
[Site "Poland POL"]
[Date "2018.06.08"]
[Round "1.4"]
[Board "4"]
[White "Heberla, Bartlomiej"]
[Black "Bartel, Michal"]
[Result "1-0"]
[WhiteTitle "GM"]
[BlackTitle "FM"]
[WhiteElo "2569"]
[BlackElo "2360"]
[WhiteTeam "KSz Stilon Gorzow Wlkp."]
[BlackTeam "LKS Wrzos Miedzyborow"]
[WhiteFideId "1115120"]
[BlackFideId "1119257"]
[EventDate "2018.06.08"]

1. d4 d5 2. Nf3 a6 3. Bg5 Nf6 4. e3 e6 5. c4 Be7 6. cxd5 exd5 7. Nc3 O-O 8. Bd3
Nbd7 9. Qc2 Re8 10. O-O-O Nf8 11. Ne5 Ng4 12. Bf4 c5 13. Nxd5 Qa5 14. Nc4 Qxa2
15. Nc3 Qa1+ 16. Kd2 Qxd1+ 17. Kxd1 cxd4 18. Nd5 dxe3 19. fxe3 Ne6 20. h3 1-0

[Event "TCh-POL Ekstraliga 2018"]
[Site "Poland POL"]
[Date "2018.06.08"]
[Round "1.4"]
[Board "5"]
[White "Sliwerski, Radoslaw"]
[Black "Kanarek, Marcel"]
[Result "0-1"]
[BlackTitle "GM"]
[WhiteElo "2006"]
[BlackElo "2505"]
[WhiteTeam "LKS Wrzos Miedzyborow"]
[BlackTeam "KSz Stilon Gorzow Wlkp."]
[WhiteFideId "1115308"]
[BlackFideId "1126822"]
[EventDate "2018.06.08"]

1. d4 Nf6 2. c4 g6 3. Nf3 Bg7 4. g3 O-O 5. Bg2 d6 6. Nc3 c6 7. b3 e5 8. dxe5
dxe5 9. Qxd8 Rxd8 10. e4 Bg4 11. Be3 Na6 12. O-O Bxf3 13. Bxf3 Bf8 14. Rfd1 Bc5
15. Bg5 Kg7 16. Rxd8 Rxd8 17. Rd1 Rxd1+ 18. Bxd1 Nb4 19. Kg2 Nd7 20. Bg4 Bd4 21.
Bxd7 Bxc3 22. a3 Nc2 23. Be7 Bb2 24. Bc5 Na1 25. b4 Bxa3 26. Bxa7 Bxb4 27. Bc8
Nb3 28. Bxb7 Na5 29. Ba6 c5 30. Bb6 Nb3 31. Bb7 Ba5 32. Bxa5 Nxa5 33. Bd5 Nb3
34. f4 f6 35. fxe5 fxe5 36. h4 Kf6 37. Kf3 Nd4+ 38. Ke3 h6 39. g4 g5 40. h5 Ke7
41. Kd3 Nf3 42. Bg8 Nh2 43. Bh7 Nxg4 44. Bg6 Kd6 0-1